Spell the Marvel Hero #54 - Statistics

General Stats
  • This quiz has been taken 12 times
  • The average score is 8 of 10
Answer Stats
Picture Answer % Correct
Angel
100%
Iron Fist
100%
Iceman
91%
Lady Sif
91%
Magik
91%
Agent Venom
82%
Legacy (Genis-Vell)
73%
Maria Hill
73%
Rictor
64%
Hummingbird
45%
No matching quizzes found
Score Distribution
Percent of People with Each Score
Percentile by Number Answered
Your Score History
You have not taken this quiz